000 00457nab a2200145Ia 4500
003 ES-SlBCS
005 20210601124412.0
008 140529s1958 xxu||||| |||| 00| 0 eng d
041 _aeng
100 1 _aRosen, Stanley H.
_9141492
245 0 0 _aSpinoza's Argument for Political Freedom
_c Stanley H. Rosen
600 1 4 _aSpinoza-Libertad Política
_9141495
773 0 _tGiornali di Metafisica
_gvol. 13, nº. 4, 1958, págs. 487-499
_w0017-0372
942 _cAR
999 _c514207
_d514207